| 000 -LEADER | |
|---|---|
| fixed length control field | 00479nam a22001817a 4500 |
| 005 - DATE AND TIME OF LATEST TRANSACTION | |
| control field | 20230821101757.0 |
| 008 - FIXED-LENGTH DATA ELEMENTS--GENERAL INFORMATION | |
| fixed length control field | 230817b |||||||| |||| 00| 0 eng d |
| 020 ## - INTERNATIONAL STANDARD BOOK NUMBER | |
| ISBN | 978-0323-522-99-1 |
| 041 ## - LANGUAGE CODE | |
| Language code of text/sound track or separate title | eng |
| 082 ## - DEWEY DECIMAL CLASSIFICATION NUMBER | |
| Classification number | 616.7 MAG-O |
| 100 ## - MAIN ENTRY--AUTHOR NAME | |
| Personal name | MAGEE, DAVIV J. AND MANSKE, ROBERT C. |
| 245 ## - TITLE STATEMENT | |
| Title | ORTHOPEDIC PHYSICAL ASSESSMENT : SOUTH ASIA EDITION |
| 250 ## - EDITION STATEMENT | |
| Edition statement | 7 TH , ED. |
| 260 ## - PUBLICATION, DISTRIBUTION, ETC. (IMPRINT) | |
| Place of publication | LONDON |
| Name of publisher | ELSEVIER |
| Year of publication | 2021 |
| 300 ## - PHYSICAL DESCRIPTION | |
| Number of Pages | 1282;p |
| 650 ## - SUBJECT ADDED ENTRY--TOPICAL TERM | |
| Topical Term | BPT |
| 942 ## - ADDED ENTRY ELEMENTS (KOHA) | |
| Koha item type | Books |
| Lost status | Damaged status | Collection code | Home library | Current library | Shelving location | Date acquired | Source of acquisition | Cost, normal purchase price | Full call number | Accession Number | Koha item type |
|---|---|---|---|---|---|---|---|---|---|---|---|
| PHYSIOTHERAPY | JRU Library | JRU Library | SHELF-8-A | 05/08/2023 | PURCHASE | 12055.12 | 616.7 | 27842 | Books |